Teoría mecánica de las construcciones, para los estudios de la Academia Especial de Ingenieros (Record no. 162107)

MARC details
000 -LEADER
campo de control de longitud fija 01152nam a22002295i 4500
001 - NÚMERO DE CONTROL
campo de control 162107
003 - IDENTIFICADOR DE NÚMERO DE CONTROL
campo de control ES-MaACL
005 - FECHA Y HORA DE LA ÚLTIMA TRANSACCIÓN
campo de control 20251109125543.0
008 - DATOS DE LONGITUD FIJA--INFORMACIÓN GENERAL
campo de control de longitud fija 990316s1837 sp af |||| | spa d
040 ## - FUENTE DE CATALOGACIÓN
Centro catalogador/agencia de origen CCPB | B
Lengua de catalogación spa
Centro/agencia transcriptor CCPB | B
100 1# - ENTRADA PRINCIPAL--NOMBRE DE PERSONA
Nombre de persona Piélago, Celestino del,
Fechas asociadas al nombre 1792-1880
9 (RLIN) 131192
245 10 - MENCIÓN DEL TÍTULO
Título Teoría mecánica de las construcciones, para los estudios de la Academia Especial de Ingenieros
Resto del título : sacada de las obras de M. Navier y de varios autores : comprende la resistencia de los cuerpos que sirven de materiales, y la descripcion y establecimiento de las construcciones de tierra, de piedra, de madera y de hierro /
Mención de responsabilidad, etc. por Celestino del Piélago.
260 ## - PUBLICACIÓN, DISTRIBUCIÓN, ETC.
Lugar de publicación, distribución, etc. Madrid :
Nombre del editor, distribuidor, etc. [s.n.],
Fecha de publicación, distribución, etc. 1837 (
Fabricante Imprenta de Manuel de Burgos)
300 ## - DESCRIPCIÓN FÍSICA
Extensión XL, 440 p., IX h. de lám. pleg. ;
Dimensiones 22 cm.
599 ## - NOTA A LAS ILUSTRACIONES
NOTA A LAS ILUSTRACIONES Las h. de lám.: "P. y L. Maré g.\pon\s"
600 17 - PUNTO DE ACCESO ADICIONAL DE MATERIA--NOMBRE DE PERSONA
Nombre de persona Navier, Louis Marie Henri,
Fechas asociadas al nombre 1785-1836-
Subdivisión general Crítica e interpretación
Fuente del encabezamiento o término
9 (RLIN) 130426
650 07 - PUNTO DE ACCESO ADICIONAL DE MATERIA--TÉRMINO DE MATERIA
Término de materia o nombre geográfico como elemento de entrada Ingeniería
Fuente del encabezamiento o término embne
9 (RLIN) 13767
650 #4 - PUNTO DE ACCESO ADICIONAL DE MATERIA--TÉRMINO DE MATERIA
Término de materia o nombre geográfico como elemento de entrada Construcción.
9 (RLIN) 11295
752 ## - ENTRADA AGREGADA--NOMBRE JERÁRQUICO DEL LUGAR
País o entidad superior España -
Ciudad Madrid
852 ## - LOCALIZACIÓN
Ubicación ES-MaACL
Número de control de estantería F-5035
Nota libre - Enc. pasta española
Holdings
Estatus retirado Estado de pérdida Estado de daño No para préstamo Colección Biblioteca de origen Biblioteca actual Ubicación en estantería Fecha de adquisición Fuente de adquisición Total de préstamos Signatura topográfica completa Código de barras Visto por última vez Precio de reemplazo Tipo de ítem Koha
        Libros del s. XIX Biblioteca del Ateneo de Madrid Biblioteca del Ateneo de Madrid Depósito 2 17/01/2008     F-5035 1169822 23/02/2023 23/02/2023 Libro impreso antiguo